Estudio de prefactibilidad sobre venta de materiales de construcción en la comunidad la Grecia del Municipio de Chinandega
Esta tesina tiene como objetivo principal realizar un estudio a nivel de prefactibilidad sobre venta de materiales para la construcción en la comunidad La Grecia del municipio de Chinandega. Realizar un estudio de mercado para conocer la oferta y la demanda que tiene la venta de materiales de const...
| Main Author: | |
|---|---|
| Other Authors: | |
| Format: | Tesis Section = Libro |
| Language: | Undetermined Spanish |
| Published: |
Managua
UNI
2010
|
| Subjects: |
| LEADER | 01375nam a2200241Ia 4500 | ||
|---|---|---|---|
| 008 | 240830s9999 xx 000 0 und d | ||
| 040 | |a BIBLIOTECA-RUPAP T.Mon 691 E74 | ||
| 041 | |a spa | ||
| 082 | |a T.Mon 691 E74 | ||
| 100 | 1 | |a Escalante Espinoza, Gerald Benito | |
| 245 | 1 | 0 | |a Estudio de prefactibilidad sobre venta de materiales de construcción en la comunidad la Grecia del Municipio de Chinandega |
| 260 | |a Managua |b UNI |c 2010 | ||
| 300 | |a 107 p. :il. | ||
| 500 | |a Contiene: anexos. | ||
| 502 | |a Tesis (Ingeniero Civil)- UNI, 2010. | ||
| 520 | 3 | |a Esta tesina tiene como objetivo principal realizar un estudio a nivel de prefactibilidad sobre venta de materiales para la construcción en la comunidad La Grecia del municipio de Chinandega. Realizar un estudio de mercado para conocer la oferta y la demanda que tiene la venta de materiales de construcción en la comunidad la Grecia, elaborar un estudio técnico del proyecto donde se determine la localización, tamaño, ingeniería y proceso del mismo, y realizar un estudio financiero del proyecto con el fin de comprobar su factibilidad y su sostenibilidad para periodos posteriores. | |
| 650 | 7 | |a MATERIALES DE CONSTRUCCION | |
| 650 | 7 | |b ESTUDIO DE FACTIBILIDAD | |
| 650 | 7 | |c PROYECTOS DE INVERSION | |
| 700 | 1 | |a Tutor: |b Acevedo Ampie, Guillermo José | |
| 942 | |c BK |2 ddc | ||
| 991 | |a TESIS | ||
| 999 | |c 18814 | ||